Design and testing of electrical machines (Record no. 23295)

000 -LEADER
fixed length control field 00477nam a22001817a 4500
001 - CONTROL NUMBER
control field 23295
003 - CONTROL NUMBER IDENTIFIER
control field BD-DhUET
008 - FIXED-LENGTH DATA ELEMENTS--GENERAL INFORMATION
fixed length control field 150503b xxu||||| |||| 00| 0 eng d
040 ## - CATALOGING SOURCE
Original cataloging agency DLC
Transcribing agency DLC
Modifying agency BD-DhUET
082 ## - DEWEY DECIMAL CLASSIFICATION NUMBER
Classification number 623.13072
Item number DES/1983
100 ## - MAIN ENTRY--PERSONAL NAME
Personal name Deshpande, M. V.
245 ## - TITLE STATEMENT
Title Design and testing of electrical machines
250 ## - EDITION STATEMENT
Edition statement 1st ed.
260 ## - PUBLICATION, DISTRIBUTION, ETC. (IMPRINT)
Place of publication, distribution, etc. Allahabad
Name of publisher, distributor, etc. Wheeler
Date of publication, distribution, etc. 1983
300 ## - PHYSICAL DESCRIPTION
Extent xvi, 516 p.
Other physical details ill.
650 #0 - SUBJECT ADDED ENTRY--TOPICAL TERM
Topical term or geographic name as entry element Electrical machinery experiments
942 ## - ADDED ENTRY ELEMENTS (KOHA)
Koha item type General Book
Holdings
Koha item type Sublocation or collection (holding branch) Koha full call number Not for loan Location (home branch) Koha date last seen Shelving location Copy number Withdrawn status Date acquired Source of classification or shelving scheme Damaged status Lost status Koha normalized classification for sorting Price effective from Piece designation (barcode)
General BookCentral Library, BUET623.13072/DES/1983 Central Library, BUET2015-05-03Circulation section1 2015-05-03   623_130720000000000_DES_19832015-05-0372434
General BookCentral Library, BUET623.13072/DES/1983 Central Library, BUET2015-05-03Circulation section2 2015-05-03   623_130720000000000_DES_19832015-05-0372432
General BookCentral Library, BUET623.13072/DES/1983 Central Library, BUET2016-04-11Circulation section3 2015-05-03   623_130720000000000_DES_19832015-05-0372431
General BookCentral Library, BUET623.13072/DES/1983 Central Library, BUET2015-05-03Circulation section4 2015-05-03   623_130720000000000_DES_19832015-05-0372433
Reading ItemCentral Library, BUET623.13072/DES/1983 Central Library, BUET2015-06-28Reading section5 2015-06-28   623_130720000000000_DES_19832015-06-2872435
Reading ItemCentral Library, BUET623.13072/DES/1983 Central Library, BUET2015-06-28Reading section6 2015-06-28   623_130720000000000_DES_19832015-06-2872683